<?xml version="1.0" encoding="UTF-8"?>
<record
    xmlns:xsi="http://www.w3.org/2001/XMLSchema-instance"
    xsi:schemaLocation="http://www.loc.gov/MARC21/slim http://www.loc.gov/standards/marcxml/schema/MARC21slim.xsd"
    xmlns="http://www.loc.gov/MARC21/slim">

  <leader>00952cam a2200301 a 4500</leader>
  <datafield tag="999" ind1=" " ind2=" ">
    <subfield code="c">478684</subfield>
    <subfield code="d">478684</subfield>
  </datafield>
  <controlfield tag="001">9964947</controlfield>
  <controlfield tag="003">NUST</controlfield>
  <controlfield tag="005">20180705095054.0</controlfield>
  <controlfield tag="008">831019s1974    pk            000 1 urdo </controlfield>
  <datafield tag="010" ind1=" " ind2=" ">
    <subfield code="a">   75930123 </subfield>
  </datafield>
  <datafield tag="038" ind1=" " ind2=" ">
    <subfield code="a">Arshad</subfield>
  </datafield>
  <datafield tag="040" ind1=" " ind2=" ">
    <subfield code="a">DLC</subfield>
    <subfield code="c">DLC</subfield>
  </datafield>
  <datafield tag="050" ind1="0" ind2="0">
    <subfield code="a">PK2200.N36115</subfield>
    <subfield code="b">K5 1974</subfield>
  </datafield>
  <datafield tag="082" ind1=" " ind2=" ">
    <subfield code="a">891.4393</subfield>
    <subfield code="b">HIJ</subfield>
  </datafield>
  <datafield tag="100" ind1="0" ind2=" ">
    <subfield code="a">Nas&#x12B;m &#x1E24;ij&#x101;z&#x12B;,</subfield>
    <subfield code="d">1914-1996.</subfield>
    <subfield code="9">1008</subfield>
  </datafield>
  <datafield tag="245" ind1="1" ind2="0">
    <subfield code="a">K&#x332;h&#x332;&#x101;k aur k&#x332;h&#x332;&#x16B;n /</subfield>
    <subfield code="c">Nas&#x12B;m &#x1E24;ij&#x101;z&#x12B;.</subfield>
  </datafield>
  <datafield tag="260" ind1=" " ind2=" ">
    <subfield code="a">L&#x101;haur :</subfield>
    <subfield code="b">Qaum&#x12B; Kutub K&#x332;h&#x332;&#x101;nah,</subfield>
    <subfield code="c">1974.</subfield>
  </datafield>
  <datafield tag="300" ind1=" " ind2=" ">
    <subfield code="a">640 p. ;</subfield>
    <subfield code="c">22 cm.</subfield>
  </datafield>
  <datafield tag="500" ind1=" " ind2=" ">
    <subfield code="a">Novel.</subfield>
  </datafield>
  <datafield tag="546" ind1=" " ind2=" ">
    <subfield code="a">In Urdu.</subfield>
  </datafield>
  <datafield tag="651" ind1=" " ind2=" ">
    <subfield code="a">Urdu Literature</subfield>
    <subfield code="9">1043</subfield>
  </datafield>
  <datafield tag="880" ind1=" " ind2=" ">
    <subfield code="6">100-01\r</subfield>
    <subfield code="a">&#x646;&#x633;&#x6CC;&#x645; &#x62D;&#x62C;&#x627;&#x632;&#x6CC;</subfield>
  </datafield>
  <datafield tag="880" ind1=" " ind2=" ">
    <subfield code="6">245-02\r</subfield>
    <subfield code="a">&#x62E;&#x627;&#x6A9; &#x627;&#x648;&#x631; &#x62E;&#x648;&#x646;</subfield>
    <subfield code="c">&#x646;&#x633;&#x6CC;&#x645; &#x62D;&#x62C;&#x627;&#x632;&#x6CC;</subfield>
  </datafield>
  <datafield tag="880" ind1=" " ind2=" ">
    <subfield code="6">260-03\r</subfield>
    <subfield code="a">&#x644;&#x627;&#x6C1;&#x648;&#x631;:</subfield>
    <subfield code="b">&#x642;&#x648;&#x645;&#x6CC; &#x6A9;&#x62A;&#x628; &#x62E;&#x627;&#x646;&#x6C1;&#x60C;</subfield>
    <subfield code="c">1974</subfield>
  </datafield>
  <datafield tag="906" ind1=" " ind2=" ">
    <subfield code="a">7</subfield>
    <subfield code="b">cbc</subfield>
    <subfield code="c">premver</subfield>
    <subfield code="d">1</subfield>
    <subfield code="e">ncip</subfield>
    <subfield code="f">19</subfield>
    <subfield code="g">y-gencatlg</subfield>
  </datafield>
  <datafield tag="942" ind1=" " ind2=" ">
    <subfield code="2">ddc</subfield>
    <subfield code="c">BK</subfield>
  </datafield>
  <datafield tag="952" ind1=" " ind2=" ">
    <subfield code="0">0</subfield>
    <subfield code="1">0</subfield>
    <subfield code="2">ddc</subfield>
    <subfield code="4">0</subfield>
    <subfield code="7">0</subfield>
    <subfield code="8">FIC</subfield>
    <subfield code="a">CL</subfield>
    <subfield code="b">CL</subfield>
    <subfield code="c">FIC</subfield>
    <subfield code="d">2018-07-05</subfield>
    <subfield code="l">11</subfield>
    <subfield code="m">11</subfield>
    <subfield code="o">891.4393 HIJ</subfield>
    <subfield code="p">CL2225</subfield>
    <subfield code="r">2026-01-26</subfield>
    <subfield code="s">2024-06-06</subfield>
    <subfield code="t">1</subfield>
    <subfield code="w">2018-07-05</subfield>
    <subfield code="y">BK</subfield>
  </datafield>
</record>
